000 00689nam a2200217 i 4500
001 180695
003 ES-MaACL
005 20250605123848.0
008 120626q1957 sp a |||| |dspa d
080 _a75 Cézanne
100 1 _aVirgili, Pablo.
_9150774
245 1 0 _aCézanne /
_cPablo Virgili ; portada e ilustraciones de Chaco.
260 _aBarcelona :
_bEdiciones G.P.,
_c[ca. 1957]
300 _a64 p. :
_bil. ;
_c11 cm.
490 1 _aEnciclopedia pulga ;
_v269
600 1 4 _aCézanne, Paul,
_d1839-1906
_9240803
700 1 _aChacopino Fabre, Joaquín.
_9150736
830 1 _aEnciclopedia pulga ;
_v269
_9191296
852 4 _aES-MaACL
_j2311-F-9
999 _c180695
_d180695